ज़रा सोचिए : (Record no. 214725)

MARC details
000 -LEADER
fixed length control field 00785nam a22002057a 4500
005 - DATE AND TIME OF LATEST TRANSACTION
control field 20260212112509.0
010 ## - LCCN (DPL NO)
LC control number HIN-131020
020 ## - INTERNATIONAL STANDARD BOOK NUMBER
International Standard Book Number 9789354270802
Terms of availability 208.00
035 ## - SYSTEM CONTROL NUMBER
System control number HN-103366
037 ## - SOURCE OF ACQUISITION
Source of stock number/acquisition DBAD
082 ## - DEWEY DECIMAL CLASSIFICATION NUMBER
Classification number 158.4
100 ## - MAIN ENTRY--PERSONAL NAME
Personal name कृष्ण कुमार
245 ## - TITLE STATEMENT
Title ज़रा सोचिए :
Remainder of title सिर्फ अपनी सोच बदल कर आगे जा सकते हैं/
Statement of responsibility, etc कृष्ण कुमार
250 ## - EDITION STATEMENT
Edition statement 1
260 ## - PUBLICATION, DISTRIBUTION, ETC. (IMPRINT)
Name of publisher, distributor, etc ब्लूरोज़ पब्लिशर्स
Date of publication, distribution, etc 2020
270 ## - ADDRESS
Telephone number 8882898898
Electronic mail address info@bluerosepublishers.com
300 ## - PHYSICAL DESCRIPTION
Extent x,172पृ.
Dimensions 22सेमी (अजिल्द)
Other physical details सचित्र
942 ## - ADDED ENTRY ELEMENTS (KOHA)
Source of classification or shelving scheme Dewey Decimal Classification
Item type Hindi Books
Classification part 158.4
Call number suffix कृष्णकु
Holdings
Withdrawn status Lost status Not for loan Collection code Home library Current library Date acquired Source of acquisition Cost, normal purchase price Full call number Barcode Copy number Cost, replacement price Koha item type
      Non-fiction Patel Nagar Patel Nagar 06/02/2026 DBAD 208.00 158.4 कृष्णकु HN-103366 1 208.00 Hindi Books

© Delhi Public Library
Hit Counter
free hit counter